[Event "Marienbad Open IM2 2020"]
[Site "Marianske Lazne"]
[Date "2020.01.23"]
[Round "7.14"]
[White "Vatsal Singhania"]
[Black "Sharma Isha"]
[Result "1-0"]
[WhiteElo "2230"]
[BlackElo "2169"]
[Annotator "TA"]
[PlyCount "89"]
[EventDate "2020.01.18"]
[EventType "tourn"]
[EventCountry "CZE"]
[SourceTitle "playchess.com"]
[Source "ChessBase"]
[SourceQuality "1"]

{[%evp 11,89,18,18,18,22,21,23,12,11,11,35,47,79,50,64,47,88,45,74,88,78,84,81,48,67,77,83,77,89,13,28,22,23,37,31,13,10,2,16,0,0,0,16,8,8,8,8,8,8,8,8,8,8,9,97,124,101,95,102,129,158,171,182,165,158,172,335,163,597,597,1818,1561,29960,5306,1859,340,333,326,333,318]} 1. e4 e6 2. d4 d5 3. Nd2 Be7 4. Bd3 c5 5. dxc5 Nf6 6. Qe2 O-O 7. Ngf3 {C03: French Tarrasch: Unusual Black 3rd moves} a5 8. O-O Na6 9. e5 {White has an edge.} Nd7 10. c4 dxc4 (10... Ndxc5 11. Bb1 d4 12. Rd1 d3 13. Qe3 b6 14. Ne1 Bb7 15. Nxd3 {½-½ (57) Liang,A (2552)-So,W (2786) Saint Louis 2018}) 11. Nxc4 $146 ({Predecessor:} 11. Bxc4 Naxc5 12. Ne4 Nb6 13. Nxc5 Bxc5 14. Bd3 Nd5 15. Bxh7+ Kxh7 16. Ng5+ Kg8 17. Qh5 Nf6 18. exf6 Qd3 19. fxg7 Kxg7 20. Nf3 {1-0 (20) Bellia,F (2447)-Vrolijk,L (2265) Hoogeveen 2016}) 11... Ndxc5 12. Bc2 Nb4 13. Rd1 Qc7 14. Bg5 h6 15. Bxe7 Qxe7 16. a3 Nd5 17. Ne3 Rd8 18. Nxd5 exd5 19. Nd4 Qg5 20. Rac1 (20. Rf1 $16) 20... Bg4 21. f3 Ne6 $1 {[%cal Re6d4]} 22. Nxe6 Bxe6 23. Rd2 d4 24. Rcd1 Rac8 25. Qe4 g6 26. f4 Qg4 {Strongly threatening ...Bf5.} 27. h3 ({Wrong is} 27. Rxd4 $2 Rxd4 28. Rxd4 Bf5 $19) 27... Qg3 28. Rd3 ({Don't go for} 28. Rxd4 $2 Rxd4 29. Rxd4 Bf5 $1 $19 {[%mdl 512]}) 28... Qh4 29. Bb3 $1 {[%cal Rb3e6] Threatens to win with Bxe6.} ({Avoid the trap} 29. Rxd4 $2 Rxd4 30. Rxd4 Bf5 $19) 29... Bf5 30. Qxb7 Bxd3 31. Qxf7+ Kh8 32. Rxd3 Rf8 (32... Rg8 $1 $11 {remains equal.}) 33. Qxg6 $16 {And now Rg3 would win.} Qxf4 {[#]} 34. Rg3 $1 {[%csl Gg3][%cal Rg6g7]} Rc7 35. Bc2 Re7 36. b4 axb4 37. axb4 $40 {[%mdl 128] White goes for the king.} Rc8 38. Bd3 Qf8 $2 (38... Qc1+ {was necessary.} 39. Kh2 Qf4) 39. Kh2 (39. Qe4 $142) 39... Rcc7 $2 (39... Qf4 {is a better chance.} 40. b5 Rf8) 40. b5 $18 Rc5 41. b6 Rcxe5 42. Rf3 {[%cal Rf3f8]} Qg7 43. b7 $2 (43. Qd6 Re8 44. Rf6) 43... Rxb7 {aiming for ...Qxg6.} 44. Qd6 {Rf8+ would kill now.} Re8 {...Qe5+ is the strong threat.} 45. Rg3 {Accuracy: White = 62%, Black = 38%.} 1-0

[Event "Marienbad Open IM2 2020"]
[Site "Marianske Lazne"]
[Date "2020.01.23"]
[Round "7.15"]
[White "Jurek, Josef"]
[Black "Vetokhin, Savva"]
[Result "1/2-1/2"]
[WhiteElo "2235"]
[BlackElo "2113"]
[Annotator "TA"]
[PlyCount "65"]
[EventDate "2020.01.18"]
[EventType "tourn"]
[EventCountry "CZE"]
[SourceTitle "playchess.com"]
[Source "ChessBase"]
[SourceQuality "1"]

{[%evp 23,65,20,48,43,45,56,56,65,56,56,65,36,33,27,62,37,52,52,66,61,70,72,68,41,46,41,41,45,38,35,39,42,48,15,15,3,55,24,25,0,35,37,74,14]} 1. Nf3 Nf6 2. g3 e6 3. Bg2 d5 4. O-O Be7 5. c4 O-O 6. b3 c5 7. e3 Nc6 8. Bb2 b6 9. Nc3 Bb7 10. cxd5 Nxd5 11. Nxd5 Qxd5 12. d4 Qd8 13. dxc5 {A14: English Opening: 1...e6 with b3 by White} Bxc5 14. Ne5 Nxe5 15. Bxb7 {White is slightly better.} Rb8 {Threatening ...Nd3.} 16. Be4 Ng6 (16... Nd7 17. b4 Be7 18. Qa4 Nf6 19. Rfd1 Qe8 20. Qxe8 Rfxe8 21. Bc6 Red8 22. b5 Ng4 23. Rac1 Bf6 24. Ba3 Rxd1+ 25. Rxd1 Ne5 26. f4 Nc4 27. Bc1 Rd8 {½-½ (27) Reinderman,D (2573)-Gharamian,T (2626) Belgium 2017}) 17. Qxd8 Rfxd8 18. Rfd1 Kf8 $146 ({Predecessor:} 18... f6 19. Kf1 Kf7 20. Ke2 h6 {1-0 (89) Anwesh,U (2373)-Nayhebaver,M (2317) Lvov 2015}) 19. Kf1 f6 20. Ke2 Ke7 21. Rac1 (21. h4 {looks sharper.} Rbc8 22. h5 Nf8 23. Bd3 Bd6 24. f4) 21... Rbc8 22. Rxd8 Rxd8 23. Bc3 Nf8 24. b4 Bd6 25. f4 Nd7 26. a3 f5 27. Bf3 e5 28. Kf2 g6 29. Bb2 Bb8 (29... e4 $11 30. Be2 a5) 30. Rc2 Bd6 31. h3 h6 32. Be2 g5 {[%cal Rg5f4]} 33. Bc1 {Accuracy: White = 35%, Black = 29%.} ({White should try} 33. Bb5 $16) 1/2-1/2

[Event "Marienbad Open IM2 2020"]
[Site "Marianske Lazne"]
[Date "2020.01.24"]
[Round "8.11"]
[White "Tancsa, Tamas"]
[Black "Vetokhin, Savva"]
[Result "0-1"]
[WhiteElo "2193"]
[BlackElo "2113"]
[Annotator "TA"]
[PlyCount "108"]
[EventDate "2020.01.18"]
[EventType "tourn"]
[EventCountry "CZE"]
[SourceTitle "playchess.com"]
[Source "ChessBase"]
[SourceQuality "1"]

{[%evp 21,120,28,30,0,6,-37,8,0,0,-21,0,0,0,0,45,29,89,57,56,52,74,59,129,0,60,29,48,47,147,145,216,-203,-187,-204,-164,-239,-210,-204,-210,-281,-284,-248,-217,-270,-226,-550,-544,-537,-555,-499,-518,-579,-579,-571,-564,-541,-541,-539,-536,-654,-525,-636,-648,-606,-584,-552,-545,-419,0,-434,0,-340,0,-311,-428,-427,-398,-333,-318,-656,-618,-530,-522,-29958,-29962,-29991,-29992,-29992,-29988,-29993,-29989,-29988,-29989,-29987,-29965,-29961,-29959,-4808,-4731,-29997,-29996]} 1. e4 c5 2. Nf3 d6 3. d4 cxd4 4. Nxd4 Nf6 5. Nc3 a6 6. f3 e5 7. Nb3 Be7 8. Be3 Be6 9. Qd2 O-O 10. O-O-O Nbd7 11. g4 b5 12. Rg1 {B90: Sicilian Najdorf: Unusual White 6th moves, 6 Be3 Ng4 and 6 Be3 e5} (12. g5 Nh5 13. Kb1 Nb6 14. Na5 Rc8 15. a3 g6 16. h4 Ng3 17. Rg1 Nxf1 18. Rgxf1 Na4 19. Nxa4 bxa4 20. h5 Qd7 {0-1 (68) Aronian,L (2772)-Carlsen,M (2870) Kolkata 2019}) 12... Nb6 13. Qf2 Nc4 $146 ({Predecessor:} 13... Nfd7 14. f4 b4 15. Nd5 Bxd5 16. exd5 a5 17. fxe5 Bh4 18. Qg2 Nxe5 19. g5 a4 {½-½ (47) Hostinsky,J (2391)-Wojnar,M (2449) ICCF email 2012}) 14. Bxc4 $1 {The position is equal.} bxc4 15. Na5 Qd7 ({Don't blunder} 15... Qxa5 $2 16. Bb6 $18) 16. g5 Nh5 {White must now prevent ...Rfc8.} 17. Nd5 $36 {[%mdl 2048] White has some pressure.} Bxd5 18. exd5 Rac8 (18... c3 $11 {remains equal.}) 19. Kb1 g6 20. Nc6 f5 21. f4 e4 (21... Rxc6 $14 22. dxc6 Qxc6) 22. Bd4 (22. Qd2 $16) 22... Rfe8 (22... Rxc6 $11 23. dxc6 Qxc6) 23. Rgf1 $14 Bf8 24. Qe2 Bg7 ({Better is} 24... Rxc6 $14 25. dxc6 Qxc6) 25. Qxc4 $16 e3 (25... Ra8 $16 26. Rde1 a5 27. Bxg7 Nxg7) 26. Rde1 $4 {[%mdl 8192]} (26. Rfe1 $18 {is the narrow road to win.}) 26... Bxd4 $19 27. Qxd4 Re4 28. Qc3 (28. Qd3 $142 Rce8 29. Qxa6) 28... Nxf4 29. Rxf4 Rxf4 30. Ne7+ Qxe7 31. Qxc8+ {[%mdl 4096] Endgame KQR-KQR} Kf7 32. Qxa6 e2 33. a3 $2 (33. a4 {was the crucial defense.} Re4 34. Qd3) 33... Re4 34. Qd3 f4 35. Qf3 Qe5 36. Qh3 Kg7 37. Qd7+ Qe7 38. Qg4 h5 39. gxh6+ Kxh6 40. Qh3+ Kg7 41. Qg4 Qe5 42. Qd7+ Kh6 43. Qh3+ Qh5 44. Qc8 Qe5 45. Qh3+ $1 Kg7 46. Qd7+ $1 Qe7 47. Qg4 $1 g5 48. h4 Re3 49. hxg5 f3 {[#] aiming for ...f2.} 50. Qh4 $2 (50. Qf4 Kg6 51. a4) 50... Kg8 51. a4 Qe4 52. Qf2 Qd4 53. c3 Qd1+ 54. Ka2 Qxa4+ 0-1

[Event "Marienbad Open IM2 2020"]
[Site "Marianske Lazne"]
[Date "2020.01.24"]
[Round "8.12"]
[White "Sharma Isha"]
[Black "Jurek, Josef"]
[Result "1-0"]
[WhiteElo "2169"]
[BlackElo "2235"]
[Annotator "NA"]
[PlyCount "63"]
[EventDate "2020.01.18"]
[EventType "tourn"]
[EventCountry "CZE"]
[SourceTitle "playchess.com"]
[Source "ChessBase"]
[SourceQuality "1"]
[TimeControl "40/5400+30:1800+30"]

1. e4 {[%emt 0:00:00]} c5 {[%emt 0:00:00]} 2. Nf3 {[%emt 0:00:08]} e6 {[%emt 0:00:16]} 3. g3 {[%emt 0:00:09]} Nc6 {[%emt 0:00:38]} 4. Bg2 {[%emt 0:00:17]} Nf6 {[%emt 0:00:41]} 5. Qe2 {[%emt 0:00:06]} d5 {[%emt 0:01:23]} 6. exd5 {[%emt 0:00:13]} Nxd5 {[%emt 0:00:16]} 7. O-O {[%emt 0:00:08]} Be7 {[%emt 0:01:00]} 8. Rd1 {[%emt 0:00:05]} Qb6 {[%emt 0:01:11]} 9. Nc3 {[%emt 0:11:41]} Nxc3 {[%emt 0:00:40]} 10. dxc3 {[%emt 0:00:24]} O-O {[%emt 0:03:35]} 11. Nd2 {[%emt 0:01:19]} Rd8 {[%emt 0:05:07]} 12. Nc4 {[%emt 0:00:18]} Rxd1+ {[%emt 0:01:13]} 13. Qxd1 {[%emt 0:00:05]} Qd8 {[%emt 0:03:20]} 14. Qxd8+ {[%emt 0:02:18]} Nxd8 {[%emt 0:00:32]} 15. Bf4 {[%emt 0:00:43]} f6 {[%emt 0:19:13]} 16. Bc7 {[%emt 0:04:29]} Nf7 {[%emt 0:14:59]} 17. Rd1 {[%emt 0:00:41]} e5 {[%emt 0:03:45]} 18. Ne3 {[%emt 0:03:22]} Kf8 {[%emt 0:06:11]} 19. f4 {[%emt 0:04:13]} Ke8 {[%emt 0:02:38]} 20. fxe5 {[%emt 0:07:26]} fxe5 {[%emt 0:05:01]} 21. Bd5 {[%emt 0:04:06]} Bf6 {[%emt 0:08:24]} 22. a4 {[%emt 0:02:41]} a5 {[%emt 0:02:28]} 23. Nc4 {[%emt 0:01:30]} Bg4 {[%emt 0:04:21]} 24. Re1 {[%emt 0:00:10]} Ra6 {[%emt 0:02:30]} 25. Bxb7 {[%emt 0:01:10]} Re6 {[%emt 0:02:56]} 26. Bd5 {[%emt 0:05:59]} Re7 {[%emt 0:00:21]} 27. Bb6 {[%emt 0:00:27]} Ng5 {[%emt 0:01:31]} 28. Bxc5 {[%emt 0:00:29]} Be6 {[%emt 0:03:32]} 29. Bc6+ {[%emt 0:02:15]} Bd7 {[%emt 0:00:09]} 30. Bxe7 {[%emt 0:03:58]} Bxc6 {[%emt 0:00:23]} 31. Nxe5 {[%emt 0:00:23]} Be4 {[%emt 0:04:06]} 32. h4 {[%emt 0:00:53]} 1-0

[Event "Marienbad Open IM2 2020"]
[Site "Marianske Lazne"]
[Date "2020.01.24"]
[Round "8.13"]
[White "Marszalek, Maciej"]
[Black "Vatsal Singhania"]
[Result "1/2-1/2"]
[WhiteElo "2314"]
[BlackElo "2230"]
[Annotator "TA"]
[PlyCount "31"]
[EventDate "2020.01.18"]
[EventType "tourn"]
[EventCountry "CZE"]
[SourceTitle "playchess.com"]
[Source "ChessBase"]
[SourceQuality "1"]

{[%evp 13,31,8,10,0,0,0,0,0,6,0,0,0,13,0,-4,-12,0,-25,0,0]} 1. d4 Nf6 2. c4 e6 3. g3 d5 4. Nf3 dxc4 5. Bg2 Nc6 6. Qa4 Bb4+ 7. Bd2 Nd5 8. Qb5 {E04: Open Catalan: 5 Nf3} (8. Bxb4 Ndxb4 9. O-O Rb8 10. Na3 O-O 11. Qb5 b6 12. Qxc4 Ba6 13. Nb5 Qe8 14. Rfc1 Nd5 15. e4 Na5 16. Nxc7 Bxc4 17. Nxe8 Rfxe8 18. exd5 Bxd5 {½-½ (34) Giri,A (2776)-So,W (2760) Kolkata 2019}) 8... Bxd2+ 9. Nbxd2 c3 10. bxc3 Nxc3 11. Qd3 Nd5 12. O-O O-O 13. Rfc1 Nde7 14. Nc4 h6 15. Rab1 $146 a5 16. e3 1/2-1/2

[Event "Marienbad Open IM2 2020"]
[Site "Marianske Lazne"]
[Date "2020.01.24"]
[Round "8.14"]
[White "Strebkovs, Andrejs"]
[Black "Nguyen, Alex Dac-Vuong"]
[Result "0-1"]
[WhiteElo "2278"]
[BlackElo "2401"]
[Annotator "NA"]
[PlyCount "60"]
[EventDate "2020.01.18"]
[EventType "tourn"]
[EventCountry "CZE"]
[SourceTitle "playchess.com"]
[Source "ChessBase"]
[SourceQuality "1"]
[TimeControl "40/5400+30:1800+30"]

1. d4 {[%emt 0:03:59]} Nf6 {[%emt 0:00:00]} 2. c4 {[%emt 0:00:08]} c5 {[%emt 0:00:00]} 3. d5 {[%emt 0:00:12]} b5 {[%emt 0:00:00]} 4. cxb5 {[%emt 0:00:10]} a6 {[%emt 0:00:00]} 5. f3 {[%emt 0:00:51]} axb5 {[%emt 0:00:14]} 6. e4 {[%emt 0:00:08]} Qa5+ {[%emt 0:00:09]} 7. Bd2 {[%emt 0:00:56]} b4 {[%emt 0:00:44]} 8. Na3 {[%emt 0:00:15]} d6 {[%emt 0:00:08]} 9. Nc4 {[%emt 0:00:21]} Qd8 {[%emt 0:00:06]} 10. a3 {[%emt 0:01:14]} e6 {[%emt 0:00:08]} 11. dxe6 {[%emt 0:04:08]} Bxe6 {[%emt 0:00:11]} 12. axb4 {[%emt 0:01:14]} Rxa1 {[%emt 0:00:10]} 13. Qxa1 {[%emt 0:00:08]} d5 {[%emt 0:00:04]} 14. exd5 {[%emt 0:02:17]} Nxd5 {[%emt 0:00:11]} 15. b5 {[%emt 0:02:32]} Be7 {[%emt 0:05:15]} 16. Qa5 {[%emt 0:13:13]} Qc8 {[%emt 0:03:32]} 17. b3 {[%emt 0:03:55]} O-O {[%emt 0:03:28]} 18. Bd3 {[%emt 0:08:55]} Nb4 {[%emt 0:03:09]} 19. Be4 {[%emt 0:04:10]} Rd8 {[%emt 0:10:28]} 20. Nb6 {[%emt 0:06:22]} Qc7 {[%emt 0:00:17]} 21. Ne2 {[%emt 0:01:42]} Qd6 {[%emt 0:02:21]} 22. Bxb4 {[%emt 0:03:33]} Qd1+ {[%emt 0:01:09]} 23. Kf2 {[%emt 0:00:03]} Qxh1 {[%emt 0:00:09]} 24. Bd2 {[%emt 0:04:48]} Bh4+ {[%emt 0:01:46]} 25. g3 {[%emt 0:03:52]} Qxh2+ {[%emt 0:00:06]} 26. Ke3 {[%emt 0:00:12]} Bg5+ {[%emt 0:02:07]} 27. f4 {[%emt 0:00:52]} Bg4 {[%emt 0:00:14]} 28. fxg5 {[%emt 0:06:08]} Qxe2+ {[%emt 0:00:14]} 29. Kf4 {[%emt 0:00:02]} Rd4 {[%emt 0:02:19]} 30. Be3 {[%emt 0:05:42]} Qf3+ {[%emt 0:00:19]} 0-1

[Event "Marienbad Open IM2 2020"]
[Site "Marianske Lazne"]
[Date "2020.01.24"]
[Round "8.15"]
[White "Hilwerda, Jonas"]
[Black "Gorbatov, Alexej"]
[Result "0-1"]
[WhiteElo "2230"]
[BlackElo "2355"]
[Annotator "TA"]
[PlyCount "100"]
[EventDate "2020.01.18"]
[EventType "tourn"]
[EventCountry "CZE"]
[SourceTitle "playchess.com"]
[Source "ChessBase"]
[SourceQuality "1"]

{[%evp 9,100,66,83,81,90,95,97,86,121,88,116,53,85,72,66,64,86,83,83,86,90,101,99,16,78,22,29,26,60,66,76,4,17,0,13,30,11,0,0,0,0,0,0,0,0,-109,-95,-117,-85,-93,-97,-230,-223,-230,-220,-228,-228,-222,-212,-264,-251,-359,-75,-68,-70,-192,-188,-306,-288,-300,-283,-275,-229,-460,-272,-263,-209,-295,-224,-224,-224,-345,-337,-484,-491,-588,-588,-4921,-4913,-29986,-29987,-29985,-29983]} 1. e4 c5 2. Nf3 a6 3. c3 d6 4. d4 Nd7 5. Bd3 Qc7 (5... g6 6. O-O Bg7 7. Re1 Qc7 8. Nbd2 e5 9. dxe5 dxe5 10. a4 b6 11. Nc4 Ngf6 12. Bc2 O-O 13. Qd6 Qxd6 14. Nxd6 {½-½ (30) Krastev,A (2323)-Iniyan,P (2497) Sitges 2019}) 6. a4 {B28: Sicilian: 2 Nf3 a6 (O'Kelly Variation)} b6 7. O-O Bb7 $146 ({Predecessor:} 7... Ngf6 8. Re1 e5 9. Nbd2 Bb7 10. Nf1 Be7 11. Ng3 O-O 12. Nf5 Rfe8 13. Nxe7+ Rxe7 {1-0 (43) Miljutin,O (2086)-Kireev,A (2139) Yuzhny 2011}) 8. Re1 {White is better.} e6 9. Nbd2 Ne7 {[#]} 10. Nf1 (10. d5 $1 $16) 10... g6 11. Be3 Bg7 12. Qd2 O-O 13. Bh6 c4 14. Bc2 e5 15. Ng3 Rfe8 16. Nh4 (16. Bxg7 $16 Kxg7 17. Red1) 16... Bh8 (16... Bf6 $11 17. Nf3 Nc6) 17. f4 (17. d5 $16) 17... exd4 $11 18. cxd4 Nc6 19. Nf3 $1 b5 20. Kh1 (20. a5 $16) 20... Qa5 {Threatens to win with ...Qxd2.} 21. Qf2 Qb6 $1 {[%cal Rc6d4]} 22. Rad1 Nb4 23. axb5 axb5 24. Bb1 Ra1 $36 {[%mdl 2048] Black fights for an advantage.} 25. Qd2 {[#]} Rxb1 $1 {[%mdl 512]} 26. Rxb1 Nd3 27. e5 (27. Rf1 $11) 27... dxe5 $17 ({Reject} 27... Nxe1 $6 28. Rxe1 f5 29. Nf1 $11) 28. dxe5 Nf2+ 29. Kg1 {[#]} Ng4+ $1 30. Qd4 (30. Kh1 $17 {was the only defense.}) 30... Nxh6 31. Qxb6 Nxb6 32. Nd4 b4 33. Nb5 Rb8 34. Red1 Nd5 35. Rd4 (35. Nd6 $142 c3 36. bxc3 Nxc3 {[%mdl 64] Double Attack} 37. Rxb4 Nxd1 38. Nge4) 35... g5 $2 (35... f6 $19 {has better winning chances.} 36. Re1 Ng4) 36. fxg5 Bxe5 37. Rxc4 (37. gxh6 $15 Bxd4+ 38. Nxd4) 37... Ba6 $19 38. Rc5 (38. gxh6 {was worth a try.} Bxb5 39. Re4) 38... Rxb5 39. Rxb5 Bxb5 40. gxh6 f6 41. Ra1 $2 (41. Rd1 {keeps fighting.} Ne3 42. Rd2) 41... Bd3 (41... Bxb2 $142 42. Rd1 Bc4) 42. Rd1 Bc4 43. Rc1 (43. Rd2 {was forced.}) 43... Nb6 44. b3 Bd5 45. Nf5 (45. Kh1 $142) 45... Bxb3 46. Rc6 (46. Ne7+ $142 Kf7 47. Nc6) 46... Nd7 47. Rc8+ Kf7 48. Rd8 Be6 49. Ng7 b3 50. Nxe6 Kxe6 {Accuracy: White = 33%, Black = 61%.} 0-1

[Event "Marienbad Open IM2 2020"]
[Site "Marianske Lazne"]
[Date "2020.01.25"]
[Round "9.11"]
[White "Gorbatov, Alexej"]
[Black "Tancsa, Tamas"]
[Result "1/2-1/2"]
[WhiteElo "2355"]
[BlackElo "2193"]
[Annotator "TA"]
[PlyCount "44"]
[EventDate "2020.01.18"]
[EventType "tourn"]
[EventCountry "CZE"]
[SourceTitle "playchess.com"]
[Source "ChessBase"]
[SourceQuality "1"]

{[%evp 9,44,0,21,-20,-13,-18,15,-10,-9,-13,4,-32,0,0,-18,-20,-6,-28,-15,-33,-46,-47,-21,-29,0,0,0,-2,0,0,10,14,23,23,23,23,30]} 1. d4 Nf6 2. Nc3 d5 3. Bf4 c5 4. e3 cxd4 5. exd4 a6 6. Bd3 {B13: Caro-Kann: Exchange Variation and Panov-Botvinnik Attack} (6. Nf3 Bg4 7. h3 Bxf3 8. Qxf3 Nc6 9. O-O-O e6 10. g4 Rc8 11. g5 Nd7 12. h4 Qb6 13. Qe3 {0-1 (28) Artemiev,V (2746)-Aronian,L (2758) chess.com INT 2019}) 6... Nc6 7. Nge2 g6 8. a3 {The position is equal.} Bg7 9. Qd2 O-O 10. Bh6 $146 ({Predecessor:} 10. h4 h5 11. f3 b5 12. Bh6 b4 13. Bxg7 Kxg7 {½-½ (36) Tran,M (2399)-Frayna,J (2320) Subic Bay 2016}) 10... Re8 11. Bxg7 Kxg7 12. O-O Qd6 13. Rad1 b5 (13... Rb8 {keeps more tension.} 14. f4 Bf5 15. Bxf5 gxf5 16. Na4 e6) 14. Qf4 Qxf4 15. Nxf4 Rd8 16. Nfe2 Bf5 17. Bxf5 gxf5 18. Nf4 e6 19. Nce2 Na5 20. Nd3 Rac8 21. c3 Nc4 22. Rfe1 Rc6 {Accuracy: White = 59%, Black = 40%.} 1/2-1/2

[Event "Marienbad Open IM2 2020"]
[Site "Marianske Lazne"]
[Date "2020.01.25"]
[Round "9.12"]
[White "Nguyen, Alex Dac-Vuong"]
[Black "Hilwerda, Jonas"]
[Result "1-0"]
[WhiteElo "2401"]
[BlackElo "2230"]
[Annotator "TA"]
[PlyCount "165"]
[EventDate "2020.01.18"]
[EventType "tourn"]
[EventCountry "CZE"]
[SourceTitle "playchess.com"]
[Source "ChessBase"]
[SourceQuality "1"]

{[%evp 17,165,27,50,46,70,22,49,37,153,54,105,89,83,68,164,154,170,113,156,143,211,202,199,139,227,136,196,184,186,161,235,212,219,202,212,170,219,205,187,152,167,146,160,127,163,153,247,177,197,138,132,148,146,145,209,214,297,312,486,487,490,486,403,258,254,241,247,101,101,99,99,90,133,73,79,4,56,84,62,31,27,0,27,17,191,178,157,47,112,132,135,116,143,136,114,-24,-33,-37,-41,-222,194,187,1075,1054,1028,1028,985,959,921,274,257,251,564,566,550,534,483,360,785,758,747,741,814,795,795,722,781,712,712,693,712,694,656,650,960,865,707,646,29978,29979,29982,29983,29984,29985,29986,29987,29988,29989,29989,29990]} 1. e4 c5 2. Nf3 e6 3. d4 cxd4 4. Nxd4 Nf6 5. Nc3 Nc6 6. Ndb5 d6 7. Bf4 e5 8. Bg5 a6 9. Na3 Be6 10. Nc4 {B33: Sicilian: Pelikan and Sveshnikov Variations} Rb8 11. a4 Nd4 (11... Nb4 12. a5 d5 13. exd5 Nbxd5 14. Nxd5 Qxd5 15. Bxf6 gxf6 16. Qxd5 Bxd5 17. O-O-O {0-1 (54) Duda,J (2748)-Dubov,D (2676) Hamburg 2019}) 12. Ne3 {White is slightly better.} Qa5 $146 (12... Be7 $14) ({Predecessor:} 12... Rc8 13. Bd3 Be7 14. Bxf6 Bxf6 15. Ncd5 Bg5 16. c3 Nc6 17. O-O {0-1 (30) Koch,F (2058)-Kalinitschew,S (2469) Berlin 2008}) 13. Bd3 (13. Bxf6 $1 $16 {aiming for Bh4.} gxf6 14. Bd3) 13... Nd7 (13... Be7 $14) 14. Rb1 f6 15. Bh4 g5 (15... Nc5 $14) 16. Bg3 $18 h5 {Threatening ...h4.} 17. f3 (17. b4 $1 $18 {[%cal Rb4a5]} Qd8 18. h4) 17... Qd8 18. Ncd5 Nb6 (18... Nc5 $16) 19. c3 Nc6 20. h4 (20. Bf2 $18) 20... Bg7 (20... Bh6 $16) 21. Qb3 ({White should try} 21. Bf2 $18 Bxd5 22. exd5) 21... Bxd5 (21... Nxd5 $16 22. exd5 (22. Nxd5 Kf7 $16) 22... Bf7) 22. exd5 Ne7 23. Nf5 Bf8 (23... Kf8 {was called for.} 24. Bf2 Nbxd5) 24. Nxe7 Kxe7 25. hxg5 fxg5 26. Bg6 h4 27. Bf2 Nd7 28. Ba7 Rc8 29. Be3 (29. Qxb7 $2 Rc7 $17) 29... Bh6 30. Qxb7 Qa5 31. Bd3 $1 Ra8 (31... Qxa4 $16 {might work better.} 32. O-O Rb8) 32. Bf5 Qxa4 33. Qc6 (33. c4 $18 {Threatens to win with b3.} Rab8 34. Qc6 Qxc6 35. dxc6) 33... Qxc6 $16 34. dxc6 Nf6 35. c4 a5 (35... Nh5 $16) 36. c7 Nd7 37. c5 d5 (37... Nxc5 {was necessary.} 38. Bxc5 dxc5) 38. c6 $18 Nf6 39. Bc5+ Kf7 40. Bd6 Bg7 41. Kd2 Ne8 42. Bxe5 (42. c8=Q $18 Rxc8 43. Bxc8 Nxd6 44. Bg4) 42... Bxe5 $16 43. c8=Q Rxc8 44. Bxc8 Ke7 45. Kd3 ({Better is} 45. Kc2) 45... Nc7 46. Bd7 ({White should play} 46. Bb7 $1 $16) 46... Na6 (46... Rb8 $11) 47. Rhe1 $14 Kd6 48. Re2 Rb8 49. Kc2 Rb4 50. b3 Rb6 $2 (50... Rb5 $11) 51. Rbe1 $18 Nb4+ 52. Kb1 (52. Kd1 $1 $16 Bf4 53. Re6+ Kc7 54. Re7) 52... Bc3 (52... Bg3 $1 $14) 53. Re6+ $16 Kc7 54. R1e2 $1 d4 {...d3 is the strong threat.} 55. Re8 {Strongly threatening Rc8+.} d3 56. Rc8+ ({Only move:} 56. R2e6 $1 $16 {[%csl Gd7][%cal Re8c8]} Rb8 57. Rxb8 Kxb8 58. Be8) 56... Kd6 $15 57. Re6+ Kc5 {( -> ...d2)} 58. Rd8 $2 (58. Ra8 $1 $15 d2 59. Rxa5+ Kd4 60. Rd6+ Ke3 61. Rxd2 (61. Rxg5 Ra6 62. Re5+ Bxe5 63. Rd3+ Nxd3 64. Kc2 Ne1+ {[%mdl 64] Double Attack} 65. Kd1 Ra1#) 61... Nxc6 62. Rc5 Bxd2 63. Rxc6 Rxb3+ 64. Kc2) 58... Nd5 $4 {[%mdl 8192] [#]} (58... d2 $1 $19 {[%cal Rd2d1] and life is good for Black.} 59. Be8 Bd4 60. Rxd4 Kxd4 61. Rd6+ Kc3 62. Rxd2 Rxc6) 59. c7 $1 $18 {[%cal Rc7c8]} Rxb3+ $2 {[#]} (59... Nxc7 60. Rxb6 Kxb6) 60. Ka2 $1 (60. Kc1 {is a self mate.} d2+ 61. Kc2 Rb2+ 62. Kd1 Rb1+ 63. Ke2 d1=Q+ 64. Kf2 Qf1#) 60... Rb2+ 61. Ka3 Nxc7 62. Rc6+ {[%mdl 64] Double Attack} Kd4 63. Be6+ $2 (63. Rxc7 Ke3 64. Rxc3 Rxg2 65. Bg4) 63... Ke5 64. Rxc7 ({Less strong is} 64. Rxc3 Nxe6 65. Kxb2 Nxd8 $14) 64... Kxe6 $2 (64... Rc2 {is tougher.}) 65. Rxc3 Rxg2 66. Rcxd3 h3 67. Rh8 Rg3 $2 (67... h2 68. Rdd8 Ke5) 68. Rb3 Ke5 69. Ka4 Kf4 70. Rf8+ Ke5 71. Kxa5 h2 72. Rh8 Rg2 73. Rh3 Kf4 74. Rb4+ Kf5 75. Kb5 Rg3 76. Rxh2 ({Worse is} 76. Rxg3 h1=Q $11) 76... Rxf3 77. Rg2 Rf4 78. Rxf4+ {White mates.} gxf4 79. Kc4 Ke4 80. Re2+ Kf3 81. Kd3 Kg3 82. Ke4 f3 83. Re3 {Accuracy: White = 38%, Black = 28%.} 1-0